01002nam a22002777a 4500003000500000005001700005008004100022010001000063011001000073035001000083040000900093082002300102111010000125245001600225260003100241300002800272505018200300650002500482650001200507650003500519650003800554650003800592650003200630650003800662650002400700CHAP20220617062538.0971013s1978 r 10010 d a26147 a27119 a31220 cCHAP a633.6106bI58 197700aInternational Society of Sugar Cane Technologists. Congress (n16d: 1977c: Sao Paulo, Brazil) aProceedings aSao Paulo :bIMPRES,c1978 a3 v.b: ilus. ; gráfs aContenido: v.1 General plant breedings, plant pathology, entomology.- v.2 Agronomy, plant physiology, agricultural engineering.- v.3 Factory engineering, processing, by-products14aAzúcarxCongresos.14aBagazo.14aCaña de azúcarxCongresos.14aCaña de azúcarxEnfermedades.14aCaña de azúcarxMejoramiento.14aCaña de azúcarxPlagas.14aCaña de azúcarxSubproductos.13aIndustria azucarera